Management and organisation / (Record no. 131968)

MARC details
000 -LEADER
fixed length control field 00647nam a22002177a 4500
005 - DATE AND TIME OF LATEST TRANSACTION
control field 20170124110145.0
010 ## - LIBRARY OF CONGRESS CONTROL NUMBER
LC control number A-823042
020 ## - INTERNATIONAL STANDARD BOOK NUMBER
Terms of availability 45.00
International Standard Book Number 8170141788
035 ## - SYSTEM CONTROL NUMBER
System control number A-823042
037 ## - SOURCE OF ACQUISITION
Source of stock number/acquisition Cen Lib/Ret
040 ## - CATALOGING SOURCE
Original cataloging agency DPL
Language of cataloging EN
082 ## - DEWEY DECIMAL CLASSIFICATION NUMBER
Classification number 658
Item number SAT
100 ## - MAIN ENTRY--PERSONAL NAME
Personal name Satyanaraya, P.
9 (RLIN) 101754
245 ## - TITLE STATEMENT
Title Management and organisation /
Statement of responsibility, etc by P. Satyanarayana
260 ## - PUBLICATION, DISTRIBUTION, ETC. (IMPRINT)
Place of publication, distribution, etc New Delhi
Date of publication, distribution, etc 1996
Name of publisher, distributor, etc Premier book company
270 ## - ADDRESS
City New Delhi
Address 23, Daryagnaj
Postal code 110002
300 ## - PHYSICAL DESCRIPTION
Extent variou pagings .
Dimensions 20cm(Hb)
650 ## - SUBJECT ADDED ENTRY--TOPICAL TERM
Topical term or geographic name as entry element Management
General subdivision
9 (RLIN) 101755
650 ## - SUBJECT ADDED ENTRY--TOPICAL TERM
Topical term or geographic name as entry element Theories of management
9 (RLIN) 101756
942 ## - ADDED ENTRY ELEMENTS (KOHA)
Source of classification or shelving scheme Dewey Decimal Classification
Koha item type English Books
Classification part 658
Call number suffix SAT
Holdings
Withdrawn status Lost status Damaged status Not for loan Home library Current library Date acquired Source of acquisition Cost, normal purchase price Total Checkouts Full call number Barcode Date last seen Date checked out Copy number Cost, replacement price Price effective from Koha item type Source of classification or shelving scheme
        Central Library Central Library 16/07/2015 Cen Lib/Ret 45.00 1 658 SAT A-823042 29/07/2021 13/02/2021 1 45.00 16/07/2015 English Books  
        Central Library Central Library 01/12/2016 Cen Lib/Ret 45.00   658 SAT A-823039 01/12/2016   2 45.00 01/12/2016 English Books Dewey Decimal Classification

© Delhi Public Library
Hit Counter
free hit counter